01583cam a22003258i 4500001001100000003000700011005001700018008004100035020002800076040002800104041000800132042000900140090001800149100001400167245013800181246008100319250001100400264005000411264004800461300003500509336002700544337002900571338002800600504002900628650002200657650002500679942001600704999001500720952052200735.b36158999YEEZEN20240102145103.0210720s2021 ch a b 001 0 chi d a9789860622836q(平裝) aCIPbchicCIPdCKTerda0 achi anbic a417.51b0044b1 a廖華芳10a兒童物理治療學 =bPediatric physical therapy-health promotion, habilitation and rehabilitation /c廖華芳作[及其他12人]31aPediatric physical therapy-health promotion,habilitation and rehabilitation. a初版 1a臺北市 :b禾楓書局有限公司,c2021. 2a臺北市 :b華騰文化股份有限公司 a822面 :b圖, 表 ;c21公分 atextbtxt2rdacontent. aunmediatedbn2rdamedia. avolumebnc2rdacarrier. a含參考書目及索引 7a小兒科2lcstt. 7a物理治療2lcstt. 2cclcLNTERM c7276d7276 00102ccl4070ayeezenbyeezencP002d2022-08-10l12m4o417.51pC02858q2026-06-30r2026-01-02 00:00:00s2026-01-02w2022-08-10yLNTERMz本書主要目的為使大專物理治療高年級學生在實習前或實習中習得兒童物理治療知能,並運用這些知能於需要物理治療的兒童與青少年及其家庭上。對於兒童物理治療從業人員,由本書之瀏覽可全面了解世界兒童物理治療之發展及新近物理治療之理論與執業模式,可在概念上溫故知新。